[Event "SVK-ch U12"]
[Site "Tatralandia"]
[Date "2025.05.15"]
[Round "6"]
[White "Tverdak, Filip"]
[Black "Skypala, Simon"]
[Result "0-1"]
[WhiteElo "1533"]
[BlackElo "1698"]
[PlyCount "54"]
[EventDate "2025.05.11"]
[EventType "swiss"]
[EventRounds "9"]
[EventCountry "SVK"]
[SourceTitle "CB21_2025"]
[SourceDate "2025.05.21"]
[SourceVersion "1"]
[SourceVersionDate "2025.05.21"]
[SourceQuality "1"]

1. d4 d5 2. Nf3 c5 3. c3 Nf6 4. Nbd2 Bf5 5. Nh4 Bg6 6. Nxg6 hxg6 7. e3 e6 8. Bd3 c4 9. Bc2 Bd6 10. h3 Nc6 11. e4 Nxe4 12. Nxe4 dxe4 13. Bxe4 f5 14. Bc2 Qc7 15. Qe2 Nd8 16. Ba4+ Kf7 17. Bb5 a6 18. Bxc4 Rh4 19. Qf3 Qxc4 20. Bg5 Re4+ 21. Kd1 e5 22. b3 Qd5 23. Kc2 Ne6 24. h4 Rc8 25. Kb2 Nxg5 26. hxg5 exd4 27. Rae1 dxc3+ 0-1

[Event "SVK-ch U12 rapid"]
[Site "Poprad"]
[Date "2025.05.03"]
[Round "1"]
[White "Kovacik, Oliver1"]
[Black "Tverdak, Filip"]
[Result "1-0"]
[WhiteElo "1799"]
[BlackElo "1403"]
[PlyCount "71"]
[EventDate "2025.05.03"]
[EventType "swiss (rapid)"]
[EventRounds "7"]
[EventCountry "SVK"]
[SourceTitle "CB19_2025"]
[SourceDate "2025.05.07"]
[SourceVersion "1"]
[SourceVersionDate "2025.05.07"]
[SourceQuality "1"]

1. d4 d5 2. Bf4 Nf6 3. e3 Bf5 4. Nf3 Nbd7 5. Bd3 Bxd3 6. Qxd3 e6 7. c3 Qe7 8. Bxc7 Nc5 9. Qb5+ Ncd7 10. Qxb7 Nb6 11. Qc6+ Qd7 12. Qxd7+ Kxd7 13. Bxb6 axb6 14. a3 h6 15. Ne5+ Kc7 16. Nxf7 Rg8 17. Nd2 Be7 18. Ke2 Raf8 19. Ne5 Nh5 20. Ng6 Rf7 21. Nxe7 Rxe7 22. f3 Kd6 23. g3 Rf8 24. e4 g5 25. Rhf1 Rfe8 26. e5+ Kc6 27. Rf2 Rf7 28. c4 dxc4 29. Nxc4 Rd8 30. Nd6 Rff8 31. Rc1+ Kd5 32. Ke3 Ng7 33. Rfc2 Nf5+ 34. Nxf5 exf5 35. f4 g4 36. Rc6 1-0